000 00486pab a2200193 454500
008 180718b2000 xxu||||| |||| 00| 0 eng d
100 _aHussain, Mustafa
245 _aIslam, media and minorities in Denmark
260 _c2000
300 _ap.95-116
362 _aOct
650 _aIslam - Denmark
650 _aMinority groups - Denmark
650 _aMass media - Denmark
650 _aMuslims - Denmark
650 _aMuslims
773 _aCurrent Sociology
909 _a46819
999 _c46819
_d46819